Multiple Choice City Quiz – Detroit - Statistics

General Stats
  • This quiz has been taken 12,197 times
    12,186 since last reset
  • The average score is 6 of 10
Answer Stats
Question Answer % Correct
What industry is Detroit known for? Automobiles
98%
Who founded Detroit in 1701? France
82%
Which of these dystopian science fiction movies takes place in Detroit? Robocop
71%
Which of these pictures depicts a Detroit style pizza?
68%
Detroit is home to a large population of Assyrians, a Christian group which comes mostly from what country? Iraq
67%
What Canadian city is connected to Detroit via a bridge and also a tunnel? Windsor
64%
In 1950, Detroit's population stood at 1.85 million. How much has it declined since? 66%
58%
Which of these musical acts does NOT come from Detroit? Outkast
50%
Whose fist is depicted on "The Fist" statue on Woodward avenue? Joe Louis
39%
Who painted the "Detroit Industry" murals which today can be viewed at the Detroit Institute of Art? Diego Rivera
25%
No matching quizzes found
Score Distribution
Percent of People with Each Score
Percentile by Number Answered
Your Score History
You have not taken this quiz since the last reset